| 000 | 00764cam a2200253 i 4500 | ||
|---|---|---|---|
| 001 | 3667600 | ||
| 003 | GBCCL | ||
| 005 | 20241126110354.0 | ||
| 008 | 780111s1977 cau b 000 0 eng | ||
| 010 | _a 77075410 | ||
| 020 |
_a0890810265 : _c$2.95 |
||
| 040 |
_aDLC _cDLC _dDLC |
||
| 050 | 0 | 0 |
_aBT902 _b.W44 |
| 082 | 0 | 0 |
_a236.2 _bWEL |
| 100 | 1 |
_aWeldon, John. _92017 |
|
| 245 | 1 | 0 |
_aIs there life after death? / _cBy John Weldon and Zola Levitt. |
| 260 |
_aIrvine, Calif. : _bHarvest House, _cc1977. |
||
| 300 |
_a148 p. ; _c21 cm. |
||
| 504 | _aIncludes bibliographical references. | ||
| 650 | 0 |
_aFuture life _xChristianity. _92018 |
|
| 700 | 1 |
_aLevitt, Zola, _ejoint author. _92019 |
|
| 906 |
_a7 _bcbc _corignew _d2 _eopcn _f19 _gy-gencatlg |
||
| 942 |
_2ddc _cBK _02 |
||
| 999 |
_c1123 _d1123 |
||